000 01189nam a22003377a 4500
003 CHAP
005 20220329134535.0
008 971013s1993 r 00010 d
010 _a21863
011 _a22835
035 _a26930
040 _cCHAP
090 _aTesis
100 0 0 _aAguirre Rodriguez, Rafael.
_93035
245 _aSituación actual de la actividad forestal y análisis de la industria de aserrío en el sur del estado de Nuevo León
260 _aMarin, N.L. :
_bEl autor,
_c1993
300 _a53 h.
_b; mapas
502 _aTesis (Ing. Agr. Fitotecnista) -- Universidad Autónoma de Nuevo León. Facultad de Agronomía
590 _aALEPH
_b10
_c20130110
_lUCH01
_h1246
590 _aBATCH-UPD
_b10
_c20130110
_lUCH01
_h1744
590 _aBATCH-UPD
_b10
_c20130410
_lUCH01
_h1123
590 _aBATCH-UPD
_b10
_c20130914
_lUCH01
_h0417
590 _aCONVERSION
_b10
_c20130109
_lUCH01
_h1313
650 1 4 _aAserraderos.
_97892
650 1 4 _aBosques
_xExtracción.
_914174
650 1 4 _aIndustrias forestales
_xNuevo León.
_957995
650 1 4 _aRecursos forestales
_xNuevo León.
_995059
901 _aBK
942 _cTESIS
949 _bBC
_cTES
_d-62164
_eTS1
_h27251
_i26930
_si
999 _c21863
_d21863